Tại sao người Do Thái xuất sắc?

Nghiên cứu về cách mà người Do Thái sinh tồn cùng nhiều phương diện trong đời sống của họ, về lối sống và lối nghĩ của người Do Thái trong các lĩnh vực kinh tế, giáo dục, xã hội, luân lý, lịch sử và tôn giáo...

全面介紹

Đã lưu trong:
書目詳細資料
主要作者: Teshima, Yūrō
格式: 圖書
語言:Undetermined
出版: Hà Nội Hồng Đức 2019
主題:
標簽: 添加標簽
沒有標簽, 成為第一個標記此記錄!
Thư viện lưu trữ: Trung tâm Học liệu Trường Đại học Cần Thơ
LEADER 00933nam a2200205Ia 4500
001 CTU_238716
008 210402s9999 xx 000 0 und d
020 |c 96000 
082 |a 305.8924 
082 |b T337 
100 |a Teshima, Yūrō 
245 0 |a Tại sao người Do Thái xuất sắc? 
245 0 |c Yūrō Teshima ; Lê Tiến Thành (dịch) 
260 |a Hà Nội 
260 |b Hồng Đức 
260 |c 2019 
520 |a Nghiên cứu về cách mà người Do Thái sinh tồn cùng nhiều phương diện trong đời sống của họ, về lối sống và lối nghĩ của người Do Thái trong các lĩnh vực kinh tế, giáo dục, xã hội, luân lý, lịch sử và tôn giáo 
650 |a Judaism and culture,Do Thái và văn hóa 
904 |i Hải 
980 |a Trung tâm Học liệu Trường Đại học Cần Thơ